Ricostruisci la Carriera del Calciatore - Adil Rami - Statistics

Statistiche generali
  • Questo quiz è stato fatto 6 volte
  • Il punteggio medio è 2 su 10
Statistiche sulle risposte
Hint Risposta % Corretto
2014-2015 Milan
83%
2003-2006 Fréjus
33%
2015-2017 Siviglia
33%
2019-2020 Fenerbahçe
17%
2006-2011 Lilla
17%
2017-2019 Olympique Marsiglia
17%
2021-2023 Troyes
17%
2011-2014 Valencia
17%
2020-2021 Boavista
0%
2020 Soči
0%
Nessun quiz corrispondente trovato
Distribuzione punteggi
Percentuale di utenti per punteggio
Percentile per numero di risposta
I tuoi punteggi nel tempo
Non hai fatto questo quiz